<?xml version="1.0" encoding="UTF-8"?>
<record
    xmlns:xsi="http://www.w3.org/2001/XMLSchema-instance"
    xsi:schemaLocation="http://www.loc.gov/MARC21/slim http://www.loc.gov/standards/marcxml/schema/MARC21slim.xsd"
    xmlns="http://www.loc.gov/MARC21/slim">

  <leader>05451nam a2200433 a 4500</leader>
  <controlfield tag="001">dia_5338</controlfield>
  <controlfield tag="003">CHAP</controlfield>
  <controlfield tag="005">20240904132433.0</controlfield>
  <controlfield tag="007">ta</controlfield>
  <controlfield tag="008">220117s2013    mx ado frm    001 0 spa d</controlfield>
  <datafield tag="010" ind1=" " ind2=" ">
    <subfield code="a">176275</subfield>
  </datafield>
  <datafield tag="040" ind1=" " ind2=" ">
    <subfield code="a">mxchpua</subfield>
    <subfield code="c">CHAP</subfield>
  </datafield>
  <datafield tag="041" ind1="0" ind2=" ">
    <subfield code="a">spa</subfield>
    <subfield code="b">eng</subfield>
  </datafield>
  <datafield tag="090" ind1=" " ind2=" ">
    <subfield code="a">Tesis </subfield>
    <subfield code="b">H476 </subfield>
    <subfield code="c">2013</subfield>
  </datafield>
  <datafield tag="100" ind1="1" ind2=" ">
    <subfield code="a">Hern&#xE1;ndez Mendoza, Miguel</subfield>
  </datafield>
  <datafield tag="240" ind1="1" ind2="0">
    <subfield code="a">Development and implementation of the 5's system in the center of value added Lagos de Moreno A. C.</subfield>
    <subfield code="l">Espa&#xF1;ol</subfield>
  </datafield>
  <datafield tag="245" ind1="1" ind2="0">
    <subfield code="a">Balance macrosc&#xF3;pico de materia de biodigestor del ejido colectivo Batopilas /</subfield>
    <subfield code="c">Miguel Hern&#xE1;ndez Mendoza</subfield>
  </datafield>
  <datafield tag="264" ind1=" " ind2=" ">
    <subfield code="a">Chapingo, M&#xE9;xico :</subfield>
    <subfield code="b">El autor,</subfield>
    <subfield code="c">2013</subfield>
  </datafield>
  <datafield tag="300" ind1=" " ind2=" ">
    <subfield code="a">vi, 62 hojas :</subfield>
    <subfield code="b">ilustraciones, tablas, gr&#xE1;ficas, fotos +</subfield>
    <subfield code="e">1 CD-ROM</subfield>
  </datafield>
  <datafield tag="336" ind1=" " ind2=" ">
    <subfield code="2">rdacontent</subfield>
    <subfield code="a">texto</subfield>
    <subfield code="b">txt</subfield>
  </datafield>
  <datafield tag="337" ind1=" " ind2=" ">
    <subfield code="2">rdamedia</subfield>
    <subfield code="a">no mediado</subfield>
    <subfield code="b">n</subfield>
  </datafield>
  <datafield tag="338" ind1=" " ind2=" ">
    <subfield code="2">rdacarrier</subfield>
    <subfield code="a">volumen</subfield>
    <subfield code="b">nc</subfield>
  </datafield>
  <datafield tag="502" ind1=" " ind2=" ">
    <subfield code="a">Informe de Estancia Preprofesional </subfield>
    <subfield code="b">(Ingeniero Agroindustrial) --</subfield>
    <subfield code="c">UACh. Departamento de Ingenier&#xED;a Agroindustrial,</subfield>
    <subfield code="d">2013</subfield>
  </datafield>
  <datafield tag="504" ind1=" " ind2=" ">
    <subfield code="a">Bibliograf&#xED;a : hojas 60-62</subfield>
  </datafield>
  <datafield tag="520" ind1="3" ind2=" ">
    <subfield code="a">El presente documento integra los resultados obtenidos durante la realizaci&#xF3;n de la Estancia Preprofesional dentro del Centro de Valor Agregado (CVA) Lagos de Moreno A. C., durante el periodo comprendido del 09 de julio al 09 de Octubre del 2012. 
El CVA es una incubadora de empresas que fue dise&#xF1;ada estrat&#xE9;gicamente por el Gobierno del Estado de Jalisco con el objetivo de apoyar a empresas y productores del sector agroalimentario para desarrollar y mejorar de manera sustancial sus procesos de transformaci&#xF3;n, a&#xF1;adir valor agregado a sus productos y posicionarlos en mercados m&#xE1;s sofisticados. 
Para poder cumplir exitosamente con la misi&#xF3;n para la cual fue dise&#xF1;ado el CVA es necesario que dicho centro de trabajo cuente con entornos que le permitan maximizar los recursos, el tiempo y la productividad del personal, por tal motivo fue necesario implementar una cultura de mejoramiento continuo para lograr los objetivos propuestos de dicha instituci&#xF3;n con eficiencia y eficacia. 
Durante la realizaci&#xF3;n de Estancia Preprofesional en el CVA se colabor&#xF3; en el Departamento de Control de Calidad, Sanidad e Inocuidad en la elaboraci&#xF3;n del Manual de Implementaci&#xF3;n del Sistema 5&#xB4;S el cual representa una herramienta para orientar a todo el personal en el desarrollo de cada una de las etapas que comprende el Sistema 5&#xB4;S y en especial a los gerentes y jefes de cada una de las &#xE1;reas que integran el CVA, los cuales asumir&#xE1;n el rol de facilitadores internos en sus &#xE1;reas de trabajo, motivando a su personal para garantizar el &#xE9;xito del programa, esto con el objetivo de mantener un ambiente laboral favorable y mejorar el desempe&#xF1;o de cada uno de los trabajadores al establecer los procedimientos adecuados para mantener los lugares de trabajo agradables, limpios, ordenados y por lo tanto seguros para el personal que labora en cada &#xE1;rea de trabajo. 
Para la elaboraci&#xF3;n y redacci&#xF3;n de este documento se recogieron los conceptos fundamentales del denominado Sistema 5&#xB4;S, el cual ha sido implantado en compa&#xF1;&#xED;as e instituciones de todo el mundo con extraordinarios resultados. Sin embargo, el &#xE9;xito de &#xE9;ste sistema y su permanencia exige un compromiso total por parte del personal operativo as&#xED; como de la l&#xED;nea jer&#xE1;rquica, para inducir un cambio en la actitud y el comportamiento de la organizaci&#xF3;n lo cual garantiza la Calidad Total dentro de la instituci&#xF3;n.
</subfield>
  </datafield>
  <datafield tag="520" ind1="3" ind2=" ">
    <subfield code="a">This document has the results obteined from the Estancia Pre-Profesional at Centro de Valor Agregado (CVA) Lagos de Moreno A. C., between 09 de july to 09 Octuber 2012.
CVC is a business incubator, which was designed by the government of Jalisco to support companies and producers working in the area of food and also helping them to obtain better ways to produce their final products, get better quantities of money and also set their productos in a competitivity part of the market.
To get the target It was necessary that CVA ha the correct tools to maximize the resources, time and productiveness. For that reason it was necessary to obtain a culture of continuous improvement in order to reach the objectives.
In the Estancia Pre-Profesional at CVA the students helped in the area of quality, health and safety in the elaboration of the manual about the 5`S system, which is a tool to help the people developing an activity.
This tool also works for managers and heads of area because they have to motivate workers and help them to reach the goal, in order to get a better performance of the system in the company.
A lot of information about 5`S system was required to create this document. The system has been used by the biggest companies in the world with succeed. Although the success of the system depends of the performance in the company. The company includes all the areas and managers.</subfield>
  </datafield>
  <datafield tag="650" ind1="1" ind2="3">
    <subfield code="a">Biorreactores</subfield>
    <subfield code="2">atg</subfield>
  </datafield>
  <datafield tag="650" ind1="1" ind2="3">
    <subfield code="a">Digestores anaerobios  </subfield>
    <subfield code="2">atg</subfield>
  </datafield>
  <datafield tag="650" ind1="1" ind2="3">
    <subfield code="a">Anaerobic digesters  </subfield>
    <subfield code="2">atg</subfield>
  </datafield>
  <datafield tag="650" ind1="1" ind2="3">
    <subfield code="a">Bioreactors</subfield>
    <subfield code="2">atg</subfield>
  </datafield>
  <datafield tag="700" ind1="1" ind2=" ">
    <subfield code="a">Espinosa Solares, Teodoro</subfield>
    <subfield code="e">director</subfield>
  </datafield>
  <datafield tag="700" ind1="1" ind2=" ">
    <subfield code="a">Hern&#xE1;ndez Eugenio, Guadalupe</subfield>
    <subfield code="e">asesor</subfield>
  </datafield>
  <datafield tag="700" ind1="1" ind2=" ">
    <subfield code="a">Rivera Salvador, V&#xED;ctor</subfield>
    <subfield code="e">asesor</subfield>
  </datafield>
  <datafield tag="856" ind1="4" ind2="1">
    <subfield code="u">http://10.13.5.2/tesis/sist109510.pdf</subfield>
    <subfield code="y">DESCARGAR PDF</subfield>
  </datafield>
  <datafield tag="901" ind1=" " ind2=" ">
    <subfield code="a">TESIS H476 2013</subfield>
  </datafield>
  <datafield tag="902" ind1=" " ind2=" ">
    <subfield code="a">M</subfield>
  </datafield>
  <datafield tag="905" ind1=" " ind2=" ">
    <subfield code="a">5232272013                          mx nml 8222223322spa16</subfield>
  </datafield>
  <datafield tag="942" ind1=" " ind2=" ">
    <subfield code="c">TESIS</subfield>
    <subfield code="2">Clasificaci&#xF3;n Universidad Aut&#xF3;noma Chapingo</subfield>
  </datafield>
  <datafield tag="999" ind1=" " ind2=" ">
    <subfield code="c">176275</subfield>
    <subfield code="d">176275</subfield>
  </datafield>
  <datafield tag="952" ind1=" " ind2=" ">
    <subfield code="0">0</subfield>
    <subfield code="1">0</subfield>
    <subfield code="2">local</subfield>
    <subfield code="4">0</subfield>
    <subfield code="5">1</subfield>
    <subfield code="7">0</subfield>
    <subfield code="8">TESIS</subfield>
    <subfield code="a">IA_</subfield>
    <subfield code="b">IA_</subfield>
    <subfield code="d">2013-01-18</subfield>
    <subfield code="e">El autor</subfield>
    <subfield code="l">0</subfield>
    <subfield code="o">Tesis H476 2013</subfield>
    <subfield code="p">1101007741</subfield>
    <subfield code="r">2022-01-18 00:00:00</subfield>
    <subfield code="t">Ej.3</subfield>
    <subfield code="w">2013-01-18</subfield>
    <subfield code="y">CD</subfield>
  </datafield>
  <datafield tag="952" ind1=" " ind2=" ">
    <subfield code="0">0</subfield>
    <subfield code="1">0</subfield>
    <subfield code="2">local</subfield>
    <subfield code="4">0</subfield>
    <subfield code="5">1</subfield>
    <subfield code="7">0</subfield>
    <subfield code="8">TESIS</subfield>
    <subfield code="a">IA_</subfield>
    <subfield code="b">IA_</subfield>
    <subfield code="d">2013-01-18</subfield>
    <subfield code="e">El autor</subfield>
    <subfield code="l">0</subfield>
    <subfield code="o">Tesis H476 2013</subfield>
    <subfield code="p">1101007739</subfield>
    <subfield code="r">2026-02-02 00:00:00</subfield>
    <subfield code="t">Ej.1</subfield>
    <subfield code="w">2013-01-18</subfield>
    <subfield code="y">TESIS</subfield>
  </datafield>
  <datafield tag="952" ind1=" " ind2=" ">
    <subfield code="0">0</subfield>
    <subfield code="1">0</subfield>
    <subfield code="2">local</subfield>
    <subfield code="4">0</subfield>
    <subfield code="5">1</subfield>
    <subfield code="7">0</subfield>
    <subfield code="8">TESIS</subfield>
    <subfield code="a">IA_</subfield>
    <subfield code="b">IA_</subfield>
    <subfield code="d">2013-01-18</subfield>
    <subfield code="e">El autor</subfield>
    <subfield code="l">0</subfield>
    <subfield code="o">Tesis H476 2013</subfield>
    <subfield code="p">1101007740</subfield>
    <subfield code="r">2022-01-18 00:00:00</subfield>
    <subfield code="t">Ej.2</subfield>
    <subfield code="w">2013-01-18</subfield>
    <subfield code="y">CD</subfield>
  </datafield>
  <datafield tag="952" ind1=" " ind2=" ">
    <subfield code="0">0</subfield>
    <subfield code="1">0</subfield>
    <subfield code="2">local</subfield>
    <subfield code="4">0</subfield>
    <subfield code="7">0</subfield>
    <subfield code="8">TesDigL</subfield>
    <subfield code="a">IA_</subfield>
    <subfield code="b">IA_</subfield>
    <subfield code="c">E_L</subfield>
    <subfield code="d">2013-01-18</subfield>
    <subfield code="e">El autor</subfield>
    <subfield code="l">0</subfield>
    <subfield code="p">1201007739</subfield>
    <subfield code="r">2024-09-04 14:30:35</subfield>
    <subfield code="w">2013-01-18</subfield>
    <subfield code="y">TD</subfield>
  </datafield>
</record>
